000 00318nam a22001457a 4500
020 _a81-7096-137-8
041 _aENG
100 _aSehgal .J
245 _aPedology Concept And Applications
250 _aFirst ED
260 _aDelhi
_bKalyani PUB
_c1996
300 _a485
650 _aHorti
856 _uAgricultural
999 _c370
_d370